000 00332nam a2200133Ia 4500
008 191201s1978 xx 000 0 und d
082 _a677.064
_bOYG
100 _aOYABU, Naoharu
245 2 _aA Guide to Printing Techniques
260 _aNew Delhi
_bMahajan Brother
_c1978
300 _a53
650 _aB.Tech(TE)
942 _2ddc
_cBK
999 _c2276
_d2276